Musicals by Acronym Quiz Stats

 Plays Quiz not verified by Sporcle

Challenge
Share
Tweet
Embed
Score 0/40 Timer 12:00
1 Play Today
Acronym (Initials) Musical % Correct
O!Oklahoma!
84.6%
AQAvenue Q
84.2%
WSSWest Side Story
82.7%
ACLA Chorus Line
68.6%
KM,KKiss Me, Kate
67%
TKAIThe King and I
65.9%
XXanadu
61.8%
YAGM,CBYou're a Good Man, Charlie Brown
57.8%
GADGuys and Dolls
57.6%
ITWInto the Woods
57.1%
HTSIBWRTHow to Succeed In Business Without Really Trying
55%
JCSJesus Christ Superstar
54.4%
AFTHOTWTTFA Funny Thing Happened on the Way to the Forum
54.3%
ITHIn the Heights
54.3%
TSOMThe Sound of Music
51.4%
TPOTOThe Phantom of the Opera
50.2%
BBBBye Bye Birdie
49.4%
MFLMy Fair Lady
47.9%
NTNNext to Normal
43.9%
ST:TDBOFSSweeney Todd: The Demon Barber of Fleet Street
43.5%
Acronym (Initials) Musical % Correct
LSOHLittle Shop of Horrors
43.1%
JATATDJoseph and the Amazing Technicolor Dreamcoat
41.9%
TMMThoroughly Modern Millie
41.5%
FOTRFiddler on the Roof
40.6%
ALNMA Little Night Music
38.6%
DYDamn Yankees
37.2%
AGAnything Goes
36.2%
110ITS110 In the Shade
34.7%
MOLMMan of La Mancha
33.8%
TPGThe Pajama Game
33.5%
AGYGAnnie Get Your Gun
26.6%
OUAMOnce Upon a Mattress
25.3%
TRHSThe Rocky Horror Show
23.1%
CFYCrazy for You
20.3%
TDCThe Drowsy Chaperone
20%
LCAFLa Cage aux Folles
19%
COACity of Angels
14.4%
TMOEDThe Mystery of Edwin Drood
13.3%
FRFinian's Rainbow
9.9%
TWRFThe Will Rogers Follies
5.3%

You're not logged in!

Compare scores with friends on all Sporcle quizzes.
OR
Log In

You Might Also Like...

Show Comments

Extras

Top Quizzes Today


Score Distribution

Your Account Isn't Verified!

In order to create a playlist on Sporcle, you need to verify the email address you used during registration. Go to your Sporcle Settings to finish the process.

Report this User

Report this user for behavior that violates our Community Guidelines.

Details: